[Event "Manavgat Turkey Cup"]
[Site "Manavgat"]
[Date "2015.02.07"]
[Round "11"]
[White "Sari, Ekin"]
[Black "Sahin, Hayrun Nisa"]
[Result "1-0"]
[WhiteElo "1462"]
[BlackElo "1596"]
[PlyCount "83"]
[EventDate "2015.01.31"]
[EventType "swiss"]
[EventRounds "11"]
[EventCountry "TUR"]
[SourceTitle "CBM 164 Extra"]
[Source "ChessBase"]
[SourceDate "2015.03.02"]
[SourceVersion "1"]
[SourceVersionDate "2015.03.02"]
[SourceQuality "1"]

1. d4 Nf6 2. Nf3 g6 3. e3 Bg7 4. Bd3 0-0 5. c3 d6 6. 0-0 Nbd7 7. Nbd2 e5 8. e4 c6 9. Re1 Re8 10. Nc4 Qc7 11. Bg5 b5 12. Ncd2 d5 13. Bxf6 Bxf6 14. exd5 cxd5 15. dxe5 Nxe5 16. Bxb5 Bd7 17. Bxd7 Nxd7 18. Nb3 Nb6 19. Nbd4 Red8 20. Rb1 Rab8 21. Nc2 Nc4 22. Nb4 Qb7 23. Nd4 Rbc8 24. Qg4 Qb6 25. Nxd5 Qd6 26. Nxf6+ Qxf6 27. Qf3 Qxf3 28. Nxf3 Nd2 29. Nxd2 Rxd2 30. Red1 Rc2 31. Rdc1 Rd2 32. a4 Re8 33. Rd1 Rc2 34. Rdc1 Rd2 35. Rd1 Rc2 36. Rdc1 Rd2 37. b4 Ree2 38. Rf1 Rc2 39. Rb3 Ra2 40. a5 Kf8 41. c4 Rec2 42. c5 1-0

[Event "Manavgat Turkey Cup"]
[Site "Manavgat"]
[Date "2015.02.05"]
[Round "8"]
[White "Gulbeyaz, Emir"]
[Black "Sari, Ekin"]
[Result "1-0"]
[WhiteElo "1722"]
[BlackElo "1462"]
[PlyCount "33"]
[EventDate "2015.01.31"]
[EventType "swiss"]
[EventRounds "11"]
[EventCountry "TUR"]
[SourceTitle "CBM 164 Extra"]
[Source "ChessBase"]
[SourceDate "2015.03.02"]
[SourceVersion "1"]
[SourceVersionDate "2015.03.02"]
[SourceQuality "1"]

1. g3 d5 2. Bg2 Nf6 3. d3 g6 4. Nc3 Bg7 5. e4 dxe4 6. Nxe4 0-0 7. Ne2 c6 8. 0-0 Bf5 9. Nc5 Nbd7 10. Nb3 Ne5 11. a4 Qc8 12. f4 Neg4 13. h3 Nh6 14. g4 Nhxg4 15. hxg4 Bxg4 16. Qe1 Bh3 17. Qg3 1-0

[Event "Manavgat Turkey Cup"]
[Site "Manavgat"]
[Date "2015.02.04"]
[Round "7"]
[White "Sari, Ekin"]
[Black "Burcu, Cagatay"]
[Result "0-1"]
[WhiteElo "1462"]
[BlackElo "2149"]
[PlyCount "124"]
[EventDate "2015.01.31"]
[EventType "swiss"]
[EventRounds "11"]
[EventCountry "TUR"]
[SourceTitle "CBM 164 Extra"]
[Source "ChessBase"]
[SourceDate "2015.03.02"]
[SourceVersion "1"]
[SourceVersionDate "2015.03.02"]
[SourceQuality "1"]

1. e4 d6 2. d4 Nf6 3. Bd3 g6 4. f4 Bg7 5. c3 0-0 6. Nf3 Bg4 7. 0-0 Nbd7 8. h3 Bxf3 9. Qxf3 e5 10. f5 exd4 11. cxd4 c5 12. Be3 Ne8 13. fxg6 fxg6 14. Bc4+ Kh8 15. Qd1 Rxf1+ 16. Qxf1 cxd4 17. Bd2 Nef6 18. Qd3 Qe7 19. Na3 Qxe4 20. Qxe4 Nxe4 21. Bb4 a5 22. Be1 Nb6 23. Bd3 Nc5 24. Bf1 d3 25. Rb1 Nba4 26. b3 Nc3 27. Bxc3 Bxc3 28. Rd1 Bd4+ 29. Kh2 Be5+ 30. Kg1 Kg7 31. Bxd3 Nxd3 32. Rxd3 Kf7 33. Nb5 Ke7 34. Kf2 Rc8 35. Rd2 Rc5 36. a4 Ke6 37. Kf3 Rc1 38. Ke4 d5+ 39. Kf3 Rf1+ 40. Ke2 Rb1 41. Rd3 h5 42. Re3 Rb2+ 43. Kf3 Kf6 44. Rd3 h4 45. Na3 b6 46. Nb5 Bg3 47. Kg4 Rxg2 48. Rxd5 Be1+ 49. Kf4 Bb4 50. Rd3 Bc5 51. Nc7 g5+ 52. Ke4 g4 53. Nd5+ Kg5 54. Nf4 gxh3 55. Nxh3+ Kg4 56. Nf4 Rf2 57. Ng6 Re2+ 58. Kd5 h3 59. Ne5+ Rxe5+ 60. Kxe5 h2 61. Rd1 Bg1 62. Rf1 h1Q 0-1

[Event "Manavgat Turkey Cup"]
[Site "Manavgat"]
[Date "2015.02.01"]
[Round "3"]
[White "Sari, Ekin"]
[Black "Yilmaz, Goktan"]
[Result "0-1"]
[WhiteElo "1462"]
[BlackElo "1982"]
[PlyCount "68"]
[EventDate "2015.01.31"]
[EventType "swiss"]
[EventRounds "11"]
[EventCountry "TUR"]
[SourceTitle "CBM 164 Extra"]
[Source "ChessBase"]
[SourceDate "2015.03.02"]
[SourceVersion "1"]
[SourceVersionDate "2015.03.02"]
[SourceQuality "1"]

1. d4 d5 2. Nf3 Nf6 3. e3 c5 4. c3 Nc6 5. Bd3 Bg4 6. Nbd2 e6 7. 0-0 Bd6 8. dxc5 Bxc5 9. e4 0-0 10. Re1 Bd6 11. Qc2 Qc7 12. h3 Bh5 13. Kh1 Rac8 14. Rg1 Qb6 15. g4 Nb4 16. Qb1 Nxd3 17. Qxd3 Bg6 18. Qe2 Nxe4 19. Rg2 f5 20. Nxe4 fxe4 21. Nd4 Bc5 22. Be3 e5 23. Nf5 Bxf5 24. gxf5 Bxe3 25. fxe3 Rxf5 26. Qg4 Qf6 27. Rag1 g6 28. Rf2 Rxf2 29. Qxc8+ Kg7 30. Qxb7+ Kh6 31. Rg3 Re2 32. Qd7 Qf1+ 33. Rg1 Qf3+ 34. Rg2 Qxg2# 0-1